Unto the hills : (Record no. 3215)

MARC details
000 -LEADER
fixed length control field 00934pam a2200265 a 4500
001 - CONTROL NUMBER
control field 2106525
003 - CONTROL NUMBER IDENTIFIER
control field GBCCL
005 - DATE AND TIME OF LATEST TRANSACTION
control field 20241126110450.0
008 - FIXED-LENGTH DATA ELEMENTS--GENERAL INFORMATION
fixed length control field 960506r19961986txua 000 0 eng
010 ## -
-- 96021869
020 ## - INTERNATIONAL STANDARD BOOK NUMBER
International Standard Book Number 0849913349
040 ## - CATALOGING SOURCE
Original cataloging agency DLC
Transcribing agency DLC
Modifying agency DLC
050 00 -
-- BV4811
-- .G62 1996
082 00 - DEWEY DECIMAL CLASSIFICATION NUMBER
Classification number 242.2
Edition information 20
Item number GRA
100 1# - MAIN ENTRY--PERSONAL NAME
Personal name Graham, Billy,
Dates associated with a name 1918-
9 (RLIN) 449
245 10 - TITLE STATEMENT
Title Unto the hills :
Remainder of title a daily devotional /
Statement of responsibility, etc. Billy Graham.
260 ## - PUBLICATION, DISTRIBUTION, ETC.
Place of publication, distribution, etc. Dallas, Tex. :
Name of publisher, distributor, etc. Word Pub.,
Date of publication, distribution, etc. c1996.
300 ## - PHYSICAL DESCRIPTION
Extent vi, 457 p. :
Other physical details ill. ;
Dimensions 25 cm.
500 ## - GENERAL NOTE
General note Originally published: Waco, Tex. : Word Books, 1986.
650 #0 - SUBJECT ADDED ENTRY--TOPICAL TERM
Topical term or geographic name entry element Devotional calendars.
9 (RLIN) 1878
856 42 - ELECTRONIC LOCATION AND ACCESS
Materials specified Publisher description
Uniform Resource Identifier <a href="http://www.loc.gov/catdir/enhancements/fy0609/96021869-d.html">http://www.loc.gov/catdir/enhancements/fy0609/96021869-d.html</a>
906 ## - LOCAL DATA ELEMENT F, LDF (RLIN)
a 7
b cbc
c orignew
d 1
e ocip
f 19
g y-gencatlg
942 ## - ADDED ENTRY ELEMENTS (KOHA)
Source of classification or shelving scheme Dewey Decimal Classification
Koha item type Books
Holdings
Withdrawn status Lost status Source of classification or shelving scheme Damaged status Not for loan Home library Current Library Shelving location Date acquired Total checkouts Full call number Barcode Date last seen Copy number Price effective from Koha item type
    Dewey Decimal Classification     GRACE BIBLE COLLEGE GRACE BIBLE COLLEGE Ministry & Mission 2017-11-21   242.2 GRA 001127 2025-05-01 c.2 2017-11-21 Books
    Dewey Decimal Classification     GRACE BIBLE COLLEGE GRACE BIBLE COLLEGE Ministry & Mission 2017-12-13   242.2 GRA 001126 2025-05-01 c.1 2017-12-13 Books
© Grace Bible College Library 2025